| 000 | 01045nam a2200337 a 4500 | ||
|---|---|---|---|
| 003 | AR-BaBNM | ||
| 005 | 20251128204143.0 | ||
| 008 | 082120s2002 ||||||||||||||000 | spa|| | ||
| 040 | _cAR-BaBNM | ||
| 100 | 1 | _aCoca, Joaquín | |
| 245 | 0 | 0 | _aDerecho burgués y derecho obrero |
| 260 |
_aBuenos Aires _bCentro Editor de América Latina _c1985 |
||
| 300 | _a156 p. | ||
| 490 | 0 |
_aBiblioteca política Argentina _vv. 94 |
|
| 500 | _aIncluye un prólogo: Joaquín Coca: peronismo y socialismo en la Argentina por Miguel Unamuno y Emilio J. Corbière | ||
| 650 | 4 | _aHISTORIA ARGENTINA | |
| 650 | 4 | _aPOLITICA | |
| 650 | 4 | _aHISTORIA DE LAS IDEAS | |
| 650 | 4 | _aIDEOLOGIAS POLITICAS | |
| 650 | 4 | _aSINDICATOS | |
| 650 | 4 | _aMOVIMIENTO OBRERO | |
| 650 | 4 | _aSINDICATOS | |
| 650 | 4 | _aCLASE BAJA | |
| 650 | 4 | _aLEGISLACION DEL TRABAJO | |
| 650 | 4 | _aDERECHO LABORAL | |
| 700 | 1 |
_aUnamuno, Miguel de _eprologuista |
|
| 700 | 1 |
_aCorbière, Emilio J. _eprologuista |
|
| 800 | 1 |
_aTroncoso, Oscar _edirector |
|
| 942 | _cBK | ||
| 998 | _cenrique | ||
| 999 |
_c6391 _d6391 |
||